00870cam a2200229 a 4500001000800000003000900008005001700017008004100034020002500075040001300100041000800113082001900121100002700140245005700167260003500224300003700259500019100296504005100487650002000538650002600558650005600584TB12349IN-BhIIT20250818133633.0890804s1990 njua b 001 0 eng  a9789353430061 (pbk.) aIN-BhIIT aeng00a537.622bSHU/P1 aShur, Michael.eAuthor10aPhysics of semiconductor devices /cby Michael Shur. aNoida :bPrentice Hall,c2019. axxiii, 640 p. :bill. ;c25 cm.  aSystem requirements for computer disk (PLOTF software, version 3.00): IBM PC, PC/XT, or PC/AT; minimum 64K RAM; PC-DOS, BASICA; single or double-sided disk drive; color graphics adapter. aIncludes bibliographical references and index. 0aSemiconductors. 0aJunction transistors. 0aMetal-oxide semiconductor field-effect transistors.